Statistics for Counties and Capitals of Sweden

Click here to take the quiz!

General Stats

  • This quiz has been taken 937 times
  • The average score is 22 of 42

Answer Stats

County Code Answer % Correct
AB capitalStockholm
95%
County ABStockholms län
95%
M capitalMalmö
86%
O capitalGöteborg
82%
County MSkåne län
77%
AC capitalUmeå
66%
County CUppsala län
66%
C capitalUppsala
66%
BD capitalLuleå
62%
County BDNorrbottens län
61%
County IGotlands län
61%
County FJönköpings län
58%
F capitalJönköping
58%
County HKalmar län
57%
H capitalKalmar
57%
County WDalarnas län
57%
County TÖrebro län
56%
T capitalÖrebro
56%
County ACVästerbottens län
56%
County NHallands län
54%
County KBlekinge län
53%
County SVärmlands län
53%
X capitalGävle
52%
I capitalVisby
52%
S capitalKarlstad
51%
E capitalLinköping
50%
County ZJämtlands län
46%
County EÖstergötlands län
45%
County DSödermanlands län
44%
County OVästra Götalands län
43%
Z capitalÖstersund
42%
N capitalHalmstad
41%
U capitalVästerås
41%
W capitalFalun
41%
G capitalVäxjö
39%
County UVästmanlands län
38%
County XGävleborgs län
38%
K capitalKarlskrona
38%
County GKronobergs län
37%
County YVästernorrlands län
30%
D capitalNyköping
21%
Y capitalHärnösand
19%

Score Distribution

Percentile by Number Answered

Percent of People with Each Score

Your Score History

You have not taken this quiz